000 00502cam a2200193ua 4500
001 5572
008 131004n ii |||gr||||Z||||||eng
020 _a978-81-237-5319-5
040 _cMAIN
082 _a305.4
245 1 1 _aWomen Farmness of India
_cBy Maithreyi Krishnaraj
250 _a1st. ed.
260 _aDelhi:
_bNational Book Trust,India,
_c2008.
300 _ax,161p.
653 _aSociology
653 _aWomen Farmness of India
700 1 _aKrishnaraj,Maithreyi,
_eAuthor.
942 _cBK
999 _c4735
_d4735